Cantada de Nadales al Palau Güell : 13 de desembre de 2019 13 de desembre de 2019
Descripción Física:
1 díptic ; il·lustracions color ; 15 x 21 cm
Materias:
Palau Güell (Barcelona) -- Activitats culturals
; Corals infantils
; Nadales
; Concerts (Execució musical) -- Programes
Idioma:
Catalán
MARC
| LEADER | 00000nam a22000007a 4500 | ||
|---|---|---|---|
| 001 | 27931 | ||
| 003 | Arxiu | ||
| 005 | 20260324181517.0 | ||
| 008 | 230523b spa||||| |||| 00| 0 cat d | ||
| 017 | |a B 28094-2019 | ||
| 040 | |a agdb |b cat | ||
| 245 | |a Cantada de Nadales al Palau Güell : |b 13 de desembre de 2019 | ||
| 260 | |a Barcelona : |b Palau Güell : |b Diputació de Barcelona ; |c 2019 | ||
| 300 | |a 1 díptic ; |b il·lustracions color ; |c 15 x 21 cm | ||
| 500 | |a Repertori de la cantada de nadales càrrec del Cor de l'Institut Pau Claris. | ||
| 610 | 2 | 0 | |9 52964 |a Palau Güell (Barcelona) |x Activitats culturals |
| 650 | 0 | |2 Arxiu |9 44581 |a Corals infantils | |
| 650 | 0 | |9 56022 |a Nadales | |
| 650 | 0 | |2 Arxiu |9 43539 |a Concerts (Execució musical) |x Programes | |
| 710 | 2 | |9 17034 |a Palau Güell (Barcelona) | |
| 710 | 1 | |a Barcelona (Catalunya : Província). |b Diputació |9 52408 | |
| 942 | |2 udc |c ARXIU |n 1 | ||
| 952 | |0 0 |1 0 |2 udc |4 0 |6 FU75125 |7 1 |9 66399 |a Arxiu |b Arxiu |d 2023-05-23 |l 0 |o FU-75-125 |p 27931 |r 2023-05-23 00:00:00 |w 2023-05-23 |y ARXIU | ||
| 999 | |c 83744 |d 83744 | ||